000 01386namaa22003131i 4500
003 EG-GICUC
005 20260121154205.0
008 260121s1988 le ||||jr|||| 001 0 ara d
040 _aEG-GiCUC
_bara
_cEG-GiCUC
_dEG-GiCUC
_erda
082 0 4 _221
_a818.02
_bA834
092 0 4 _221
_a818.02
_bA834
099 _a818.02 A834 1988
100 1 _aالعسكرى، الحسن بن عبدالله،
_d993-906
_eمؤلف.
245 1 _aكتاب جمهرة الأمثال /
_cتأليف الشيخ الأديب أبى هلال العسكرى ؛ حققه وعلق حواشيه ووضع فهارسه محمد أبو الفضل، عبد المجيد قطامش
250 _aالطبعة الثانية
264 _aبيروت (لبنان) :
_bدار الجيل،
_c1988
300 _a؛ 2 مجلد
_c24 سم
_bإيضاحيات، صور، مثيليات ؛ Illustrations
336 _2rdacontent
_atext
337 _2rdamedia
_aUnmediated
338 _2rdacarrier
_avolume
504 _aيشتمل على ارجاعات ببليوجرافية
541 _aد. جابر عصفور ؛
_bالقاهرة ؛
_cإهداء ؛
_d2024.
650 1 7 _aالامثال العامية العربية
_2qrmak
651 1 _2qrmak
700 1 _aابراهيم، محمد أبو الفضل
_eمحقق.
700 1 _aقطامش، عبد المجيد
_eمحقق.
905 _aHuda
942 _2ddc
_cBK
_e21
_n0
999 _c177932
_d177932